Identificación y priorización de necesidades

Saved in:
Bibliografiske detaljer
Hovedforfatter: Palma González, Alfredo (autor)
Corporate Authors: Proyecto Multinacional de Educación Básica, Chile (Author), OEA. Programa Regional de Desarrollo Educativo (Author)
Format: Bog
Sprog:spansk
Udgivet: Valparaíso Universitarias de Valparaíso 1991
Serier:Manual, 3
Fag:
Tags: Tilføj Tag
Ingen Tags, Vær først til at tagge denne postø!

MARC

LEADER 00000nam a2200000 a 4500
001 UCW6191
003 CL-VaPUC
008 911030e19910000CL |||||||||||||||||spa|d
082 0 4 |a 379.15  |b PAL  |2 21 
100 |a Palma González, Alfredo  |e autor  |9 795826 
110 2 |a Proyecto Multinacional de Educación Básica, Chile  |e author  |9 311194 
710 2 |a OEA. Programa Regional de Desarrollo Educativo  |e author  |9 311195 
245 1 0 |a Identificación y priorización de necesidades 
300 |a 43 p 
942 |c BK 
945 |d 19911030 00:00:00 
260 |a Valparaíso  |b Universitarias de Valparaíso  |c 1991 
650 7 |a ENCUESTAS EDUCATIVAS  |2 CL-VaPUC  |9 308523 
650 0 |a Planificación de la educación   |9 307333 
650 0 |a Evaluación de la educación   |9 237505 
651 7 |a CHILE  |2 CL-VaPUC  |9 311196 
583 |a last modification  |c 19911030 00:00:00  |k Rodrigo Vera 
490 0 |a Manual, 3 
999 |c 219346  |d 219344 
952 |0 0  |1 0  |4 0  |6 379_150000000000000_PAL_1991  |7 0  |8 A  |9 210165  |a BIBEDU  |b BIBEDU  |d 2019-11-15  |i 2782448  |o 379.15 PAL 1991  |p 2782448  |r 2019-11-15  |w 2019-11-15  |y BK  |k EDU 
952 |0 0  |1 0  |4 0  |6 379_150000000000000_PAL_1991  |7 0  |8 A  |9 210166  |a BIBEDU  |b BIBEDU  |d 2019-11-15  |i 2782456  |o 379.15 PAL 1991  |p 2782456  |r 2019-11-15  |w 2019-11-15  |y BK  |k EDU 
952 |0 0  |1 0  |4 0  |6 379_150000000000000_PAL_1991  |7 0  |8 A  |9 210167  |a BIBEDU  |b BIBEDU  |d 2019-11-15  |i 2782464  |o 379.15 PAL 1991  |p 2782464  |r 2019-11-15  |w 2019-11-15  |y BK  |k EDU 
952 |0 0  |1 0  |4 0  |6 379_150000000000000_PAL_1991  |7 0  |8 A  |9 210168  |a BIBEDU  |b BIBEDU  |d 2019-11-15  |i 2782472  |o 379.15 PAL 1991  |p 2782472  |r 2019-11-15  |w 2019-11-15  |y BK  |k EDU